000 00497nam a2200169Ia 4500
999 _c28228
_d28228
003 OSt
005 20210106094922.0
008 190216s9999||||xx |||||||||||||| ||und||
040 _coclc
082 _a894.812301
_bKER/M
100 _aKerala Writers Forum
_98170
245 0 _aMaattoli /
_cKerala Writers Forum
260 _bVisala Airali Publications,
_c1997.
_aKottayam:
300 _a92p
650 _aKathakal
942 _cBK
_2ddc
_h894.812301
_iKER/M
_k894.812301
_mKER/M